000 00398nam a2200169Ia 4500
003 0STCL
008 150530s9999 xx 000 0 und d
040 _aSTCL
_cSTCL
100 _aWayne Wolf
245 _aModern VISI design system on chip design
250 _aThird
260 _bPearson Education
_c2002
546 _aEnglish
942 _2ddc
_cBK
999 _c40822
_d40822
005 20220125170525.0